| 000 | 00992cab a2200265 4500 | ||
|---|---|---|---|
| 001 | ABS60538 | ||
| 008 | 090401t1999 xxu||||| |||| 00| 0 eng d | ||
| 035 | _a(Sirsi) u92735 | ||
| 041 | _aeng | ||
| 100 | _aLangleben, A. | ||
| 245 | _aTo err is human, to forgive divine: the law of mistake | ||
| 260 | _c1999 | ||
| 350 | _a0 | ||
| 490 |
_aCSM _bChartered Surveyor Monthly _v8 (8) April 1999, 34-35(2) |
||
| 520 | _aDiscusses the implications of the House of Lords decision in "Kleinwort Benson v Lincoln CC". This overturned the principle that money paid as a result of a mistake of law was not recoverable, whereas money paid as a result of a mistake of fact is. Instead all monies are recoverable. | ||
| 650 | _aKLEINWORT BENSON LTD V LINCOLN CITY COUNCIL AND OTHERS | ||
| 650 | _aMISTAKES OF FACT | ||
| 650 | _aMISTAKES OF LAW | ||
| 650 | _aMONEY PAID UNDER A MISTAKE | ||
| 650 | _aRECOVERY | ||
| 650 | _aREPAYMENT | ||
| 690 | _aLAW | ||
| 942 | _n0 | ||
| 948 | _c14/04/1999 | ||
| 999 |
_c58778 _d58778 |
||